header

Interfaces for the 21st century (Record no. 119549)

MARC details
000 -LEADER
fixed length control field 01674nam a2200337 a 4500
082 04 - DEWEY DECIMAL CLASSIFICATION NUMBER
Classification number 532
245 00 - TITLE STATEMENT
Title Interfaces for the 21st century
260 ## - PUBLICATION, DISTRIBUTION, ETC. (IMPRINT)
Place of publication London :
Name of publisher Imperial College Press ;
Place of publication River Edge, NJ :
Name of publisher Distributed by World Scientific Pub.,
Year of publication c2002.
300 ## - PHYSICAL DESCRIPTION
Number of Pages xii, 317 p. :
Other physical details ill.
500 ## - GENERAL NOTE
General note Oral presentations and abstracts of contributed posters from the conference, "Interfaces for the Twenty-first century", held August 16-18, 1999, in Monterey, California.
650 #0 - SUBJECT ADDED ENTRY--TOPICAL TERM
Topical Term Fluid mechanics
Topical Term Materials science
Topical Term Interfaces (Physical sciences)
700 1# - ADDED ENTRY--PERSONAL NAME
Personal name Davis, Stephen H.,
Personal name Smith, Marc K.
856 40 - ELECTRONIC LOCATION AND ACCESS
Uniform Resource Identifier http://site.ebrary.com/lib/rucke/Doc?id=10201246

No items available.

© 2026 Rongo University
Contact us: librarian | system librarian | Rongo university